LEADER 01980nas 2200625-a 450 001 996211815703316 005 20230518213020.0 011 $a1248-9204 035 $a(DE-599)ZDB1481454-7 035 $a(OCoLC)42964411 035 $a(CKB)954933110365 035 $a(CONSER)--2008233682 035 $a(EXLCZ)99954933110365 100 $a19991209a19979999 s-- a 101 0 $aeng 135 $aurcnu|||||||| 181 $ctxt$2rdacontent 182 $cc$2rdamedia 183 $acr$2rdacarrier 200 00$aHernia $ethe journal of hernias and abdominal wall surgery 210 $aParis $cSpringer-Verlag France$d1997- 215 $a1 online resource 300 $aRefereed/Peer-reviewed 300 $aTitle from contents screen (SpringerLink, viewed Apr. 28, 2008). 311 $a1265-4906 517 3 $aJournal of hernias and abdominal wall surgery 531 $aHERNIA THE JOURNAL OF HERNIAS AND ABDOMINAL WALL SURGERY 606 $aHernia$vPeriodicals 606 $aLaparoscopic surgery$vPeriodicals 606 $aAbdominal wall$xSurgery$vPeriodicals 606 $aAbdomen$xsurgery 606 $aHernia 606 $aLaparoscopy 606 $aAbdominal wall$xSurgery$2fast$3(OCoLC)fst00794320 606 $aHernia$2fast$3(OCoLC)fst00955548 606 $aLaparoscopic surgery$2fast$3(OCoLC)fst00992586 608 $aPeriodical. 608 $aPeriodicals.$2fast 608 $aPeriodicals.$2lcgft 610 $aSurgery - General and By Type 615 0$aHernia 615 0$aLaparoscopic surgery 615 0$aAbdominal wall$xSurgery 615 02$aAbdomen$xsurgery. 615 02$aHernia. 615 02$aLaparoscopy. 615 7$aAbdominal wall$xSurgery. 615 7$aHernia. 615 7$aLaparoscopic surgery. 712 02$aGroupe de recherche européen sur la paroi abdominale, 712 02$aAmerican Hernia Society, 906 $aJOURNAL 912 $a996211815703316 996 $aHernia$92169388 997 $aUNISA LEADER 02756oas 2200889 a 450 001 9910140016003321 005 20260218112643.0 035 $a(DE-599)ZDB2541626-1 035 $a(OCoLC)529611706 035 $a(CONSER) 2010243144 035 $a(CKB)1000000000820022 035 $a(DE-599)2541626-1 035 $a(EXLCZ)991000000000820022 100 $a20100204a20109999 uy a 101 0 $aeng 135 $aur||||||||||| 181 $ctxt$2rdacontent 182 $cc$2rdamedia 183 $acr$2rdacarrier 200 00$aCell death and disease 210 $a[New York] $cNPG, Macmillan Publishers$d©2010- 300 $aRefereed/Peer-reviewed 311 08$a2041-4889 330 $aCell death & disease is a peer-reviewed open access online journal that publishes full-length papers, reviews and commentaries describing original research in the field of translational cell death. The journal seeks to encompass the breath of translational implications of cell death, and topics of particular concentration will include experimental medicine, cancer, immunity, internal medicine, and neuroscience. 517 3 $aCell death & disease 517 3 $aCDD 606 $aCell death$vPeriodicals 606 $aMedicine, Experimental$vPeriodicals 606 $aInternal medicine$vPeriodicals 606 $aCancer$vPeriodicals 606 $aNeurosciences$vPeriodicals 606 $aCell Death 606 $aCancer$2fast$3(OCoLC)fst00845317 606 $aCell death$2fast$3(OCoLC)fst00850180 606 $aInternal medicine$2fast$3(OCoLC)fst00976610 606 $aMedicine, Experimental$2fast$3(OCoLC)fst01015244 606 $aNeurosciences$2fast$3(OCoLC)fst01036509 608 $aPeriodical. 608 $aPeriodicals.$2fast 615 0$aCell death 615 0$aMedicine, Experimental 615 0$aInternal medicine 615 0$aCancer 615 0$aNeurosciences 615 12$aCell Death. 615 7$aCancer. 615 7$aCell death. 615 7$aInternal medicine. 615 7$aMedicine, Experimental. 615 7$aNeurosciences. 712 02$aAssociazione differenziamento e morte cellulare 712 02$aNature Publishing Group 801 0$bNLM 801 1$bNLM 801 2$bHEBIS 801 2$bTXA 801 2$bAU@ 801 2$bBUF 801 2$bOCLCQ 801 2$bCUS 801 2$bOCLCQ 801 2$bOCLCO 801 2$bNLM 801 2$bOCLCQ 801 2$bOCLCF 801 2$bOCLCO 801 2$bOCLCQ 801 2$bOCLCO 801 2$bOCLCA 801 2$bDLC 801 2$bOCLCQ 801 2$bUEJ 801 2$bOCLCL 906 $aJOURNAL 912 $a9910140016003321 996 $aCell death and disease$92002458 997 $aUNINA